Effectif Tunisie - Coupe du monde 2026 - Statistiques

Statistiques générales
  • Ce quiz a été pris 23 fois
  • Le résultat moyen est 9 sur 27
Statistiques - réponses
Poste Club Numéro Joueur % Correct
Défenseur FC Lorient 3 Montassar Talbi
79%
Défenseur OGC Nice 2 Ali Abdi
74%
Milieu Burnley FC 10 Hannibal Mejbri
74%
Milieu Eintracht Francfort 17 Ellyes Skhiri
68%
Milieu FC Augsburg 11 Ismaël Gharbi
68%
Gardien CS Sfaxien 16 Aymen Dahmen
47%
Sélectionneur - - Sabri Lamouchi
47%
Attaquant Celtic Glasgow 26 Sebastian Tounekti
42%
Gardien Club Africain 1 Abdelmouhib Chamakh
32%
Attaquant FC Copenhague 7 Elias Achouri
32%
Attaquant Paris Saint-Germain Espoirs 14 Khalil Ayari
32%
Défenseur BSC Young Boys 20 Yan Valery
32%
Défenseur Servette FC 6 Dylan Bronn
26%
Défenseur NK Maribor 4 Omar Rekik
26%
Attaquant Hannover 96 8 Elias Saad
21%
Attaquant Club Africain 19 Firas Chaouat
21%
Attaquant Dinamo Makhachkala 9 Hazem Mastouri
21%
Milieu 1.FC Union Berlin 13 Rani Khedira
21%
Défenseur Kasimpasa 5 Adem Arous
16%
Milieu Norwich City 25 Anis Ben Slimane
16%
Milieu FC Lugano 15 Mohamed Belhadj Mahmoud
16%
Attaquant Vancouver Whitecaps FC 18 Rayan Elloumi
16%
Défenseur Espérence sportive de Tunis 21 Mohamed Amine Ben Hamida
11%
Milieu Kasimpasa 12 Mortadha Ben Ouanes
11%
Défenseur IFK Norrköping 23 Moutaz Neffati
11%
Gardien Etoile Sportive du Sahel 22 Sabri Ben Hessen
11%
Défenseur US Monastir 24 Raed Chikhaoui
5%
Aucun quiz correspondant
Distribution des résultats
% des personnes avec chaque résultat
Percentile par nombre de réponses
Votre historique - résultats
Vous n’avez pas pris ce quiz